| 000 | 00435nam a2200169Ia 4500 | ||
|---|---|---|---|
| 005 | 20250423095615.0 | ||
| 008 | 250422s9999 xx 000 0 und d | ||
| 020 | _a0- 688- 04186- 8 | ||
| 050 | _aGV742.42.N45A36 | ||
| 100 | _aLindsey Nelson | ||
| 245 | 0 | _aHello everybody, im Lindsey Nelson | |
| 260 | _bBeechTree Books | ||
| 260 | _c1985 | ||
| 300 | _a430 p | ||
| 650 | _aSports casters- United states- biography | ||
| 942 | _cBK | ||
| 999 |
_c30782 _d30782 |
||